Majallat al-ijrāʾāt al-jazāʾīyah : muʻaddalah bi-aḥdath al-qawānīn wa-muʻallaq ʻalayhā bi-ʻamal Maḥkamat al-Taʻqīb /

Saved in:
Bibliographic Details
Corporate Authors: Tunisia., Tunisia. Maḥkamat al-Taʻqīb.
Other Authors: Shābbī, Bulqāsim al-Qarawī.
Format: Book
Language:Arabic
Published: [Tunis] : Nuqūsh ʻArabīyah, 1998.
Edition:al-Ṭabʻah 3.
Subjects:
Tags: Add Tag
No Tags, Be the first to tag this record!
LEADER 00827nam a2200241 a 4500
001 008337357-8
005 20020606104010.5
008 940907s1998 ti b 000 0 ara d
035 0 |a ocm43771270 
035 1 |a MAHX00B60 
043 |a f-ti--- 
110 1 |a Tunisia. 
245 1 0 |a Majallat al-ijrāʾāt al-jazāʾīyah :  |b muʻaddalah bi-aḥdath al-qawānīn wa-muʻallaq ʻalayhā bi-ʻamal Maḥkamat al-Taʻqīb /  |c Bulqāsim al-Qarawī al-Shābbī. 
250 |a al-Ṭabʻah 3. 
260 |a [Tunis] :  |b Nuqūsh ʻArabīyah,  |c 1998. 
300 |a 206 p. ;  |c 21 cm. 
650 0 |a Criminal procedure  |z Tunisia. 
650 0 |a Criminal procedure  |z Tunisia  |v Cases. 
655 7 |a Statutes and codes.  |2 lcgft 
700 1 |a Shābbī, Bulqāsim al-Qarawī. 
710 1 |a Tunisia.  |b Maḥkamat al-Taʻqīb. 
988 |a 20020608 
906 |0 RLIN